[Event "2MCR_3DE_1L_1S"]
[Site "?"]
[Date "2007.??.??"]
[Round "?"]
[White "Lounek, Jan"]
[Black "Zahour, Jiri"]
[Result "1/2-1/2"]
[WhiteElo "2425"]
[BlackElo "2307"]
[Annotator "013"]
[PlyCount "94"]
[EventDate "2007.??.??"]
[EventType "corr"]
[EventRounds "1"]
[SourceDate "2007.01.28"]

1. e4 c5 2. Nf3 Nc6 3. d4 cxd4 4. Nxd4 Nf6 5. Nc3 e5 6. Ndb5 d6 7. Bg5 a6 8.
Na3 b5 9. Bxf6 gxf6 10. Nd5 Bg7 11. Bd3 Ne7 12. Nxe7 Qxe7 13. O-O O-O 14. c4 f5
15. Qf3 Qb7 16. exf5 Qxf3 17. gxf3 e4 18. Bxe4 d5 19. Bxd5 Rb8 20. Rab1 Bxf5
21. Be4 Bh3 22. Rfd1 Kh8 23. Kh1 Rg8 24. cxb5 Bxb2 25. f4 Bxa3 26. Rd3 Rbe8 27.
Rxh3 Rxe4 28. Rxa3 axb5 29. Rf3 b4 30. h3 Ra8 31. Rb2 Kg7 32. Rg3+ Kh6 33. f5
Ra4 34. Kg2 Rf4 35. Rg4 Rxg4+ 36. hxg4 Kg5 37. Kf3 Ra3+ 38. Rb3 Rxa2 39. Rxb4
h5 40. gxh5 Ra5 41. Kg3 Rxf5 42. Rh4 Kh6 43. f4 Rxh5 44. Rg4 Rh1 45. Kf2 Ra1
46. Ke2 Ra4 47. Ke3 Ra1 1/2-1/2

[Event "2MCR_3DE_1L_3S"]
[Site "?"]
[Date "2007.??.??"]
[Round "?"]
[White "Jirku, Jaroslav"]
[Black "Schwarz, Jan"]
[Result "1/2-1/2"]
[WhiteElo "2299"]
[BlackElo "2266"]
[Annotator "007"]
[PlyCount "46"]
[EventDate "2007.??.??"]
[EventType "corr"]
[EventRounds "1"]
[SourceDate "2007.01.28"]

1. e4 c5 2. Nf3 Nc6 3. d4 cxd4 4. Nxd4 e6 5. Nc3 Qc7 6. Be2 a6 7. O-O Nf6 8.
Be3 Bb4 9. Na4 O-O 10. Nxc6 bxc6 11. Nb6 Rb8 12. Nxc8 Rfxc8 13. Bxa6 Re8 14.
Bd3 Bd6 15. f4 e5 16. f5 Rxb2 17. g4 h6 18. h4 Nd5 19. exd5 e4 20. Bc4 Bc5 21.
Bxc5 Qg3+ 22. Kh1 Qh3+ 23. Kg1 Qg3+ 1/2-1/2

[Event "2MCR_3DE_1L_3S"]
[Site "?"]
[Date "2007.??.??"]
[Round "?"]
[White "Nigrin, Jiri"]
[Black "Krouzel, Jaroslav"]
[Result "1/2-1/2"]
[WhiteElo "2002"]
[BlackElo "2298"]
[Annotator "008"]
[PlyCount "49"]
[EventDate "2007.??.??"]
[EventType "corr"]
[EventRounds "1"]
[SourceDate "2007.01.28"]

1. e4 e6 2. d4 d5 3. exd5 exd5 4. Bd3 Bd6 5. Nf3 Bg4 6. O-O Nc6 7. c3 Nge7 8.
Re1 Qd7 9. Nbd2 O-O-O 10. b4 Ng6 11. b5 Nce7 12. h3 Bf5 13. Nb3 Bxd3 14. Qxd3
Qf5 15. Qe2 Rhe8 16. Nc5 Kb8 17. Bd2 Bf4 18. a4 Bxd2 19. Qxd2 Nc8 20. Rxe8 Rxe8
21. Ne5 Nd6 22. Nxg6 Qxg6 23. Re1 f6 24. Qd1 Ne4 25. Nxe4 1/2-1/2

[Event "2MCR_3DE_1L_2S"]
[Site "?"]
[Date "2007.??.??"]
[Round "?"]
[White "Canibal, Jaromir"]
[Black "Valak, Alois"]
[Result "0-1"]
[WhiteElo "2255"]
[BlackElo "2353"]
[Annotator "017"]
[PlyCount "34"]
[EventDate "2007.??.??"]
[EventType "corr"]
[EventRounds "1"]
[SourceDate "2007.01.28"]

1. e4 e5 2. Nf3 Nf6 3. d4 Nxe4 4. Bd3 d5 5. Nxe5 Nd7 6. Nxd7 Bxd7 7. O-O Bd6 8.
c4 c6 9. cxd5 cxd5 10. Qh5 O-O 11. Qxd5 Bc6 12. Qh5 g6 13. Qh3 Ng5 14. Qh6 Ne6
15. Nc3 Nxd4 16. Bg5 Be7 17. Rae1 Bxg5 0-1

[Event "2MCR_3DE_1L_2S"]
[Site "?"]
[Date "2007.??.??"]
[Round "?"]
[White "Nepustil, Frantisek"]
[Black "Janous, Petr"]
[Result "1/2-1/2"]
[WhiteElo "2335"]
[BlackElo "2236"]
[Annotator "018"]
[PlyCount "29"]
[EventDate "2007.??.??"]
[EventType "corr"]
[EventRounds "1"]
[SourceDate "2007.01.28"]

1. e4 e5 2. f4 exf4 3. Bc4 Nf6 4. Nc3 c6 5. d4 Bb4 6. e5 Ne4 7. Qh5 d5 8. exd6
O-O 9. Nge2 Nxd6 10. Bd3 g6 11. Qf3 Qh4+ 12. Qf2 Qxf2+ 13. Kxf2 Bf5 14. Bxf5
Nxf5 15. Bxf4 1/2-1/2

[Event "2MCR_3DE_1L_1S"]
[Site "?"]
[Date "2007.??.??"]
[Round "?"]
[White "Vozda, Jindrich"]
[Black "Straka, Zdenek"]
[Result "1/2-1/2"]
[WhiteElo "2469"]
[BlackElo "2398"]
[Annotator "014"]
[PlyCount "71"]
[EventDate "2007.??.??"]
[EventType "corr"]
[EventRounds "1"]
[SourceDate "2007.01.28"]

1. e4 c5 2. Nf3 d6 3. Bb5+ Bd7 4. a4 Nc6 5. O-O Nf6 6. Re1 e6 7. c3 a6 8. Bf1
Be7 9. d4 cxd4 10. cxd4 Rc8 11. Nc3 O-O 12. Bg5 h6 13. Bh4 e5 14. d5 Na5 15.
Nxe5 dxe5 16. d6 Be6 17. dxe7 Qxe7 18. Nd5 Bxd5 19. exd5 Rfd8 20. Qf3 g5 21.
Qf5 gxh4 22. Rxe5 Qd6 23. Re6 Qxd5 24. Re5 Qd6 25. Rxa5 Re8 26. Rb1 Rc6 27. b4
Kg7 28. Rc5 Re4 29. Rxc6 bxc6 30. Bxa6 Rxb4 31. Rxb4 Qxb4 32. Qc2 Ne4 33. Bc4
Qe1+ 34. Bf1 Nd2 35. Qd3 c5 36. Qe2 1/2-1/2

[Event "2MCR_3DE_1L_3S"]
[Site "?"]
[Date "2007.??.??"]
[Round "?"]
[White "Tomisek, Petr"]
[Black "Fric, Pavel"]
[Result "0-1"]
[WhiteElo "2186"]
[BlackElo "2184"]
[Annotator "009"]
[PlyCount "40"]
[EventDate "2007.??.??"]
[EventType "corr"]
[EventRounds "1"]
[SourceDate "2007.01.28"]

1. e4 c5 2. d4 cxd4 3. c3 dxc3 4. Nxc3 Nc6 5. Nf3 e6 6. Bc4 d6 7. O-O a6 8. Qe2
Be7 9. Rd1 b5 10. Bb3 Bd7 11. Bf4 e5 12. Be3 Nf6 13. Rac1 O-O 14. Nd5 Nxd5 15.
Bxd5 Rc8 16. a3 Bf6 17. Qd2 Ne7 18. Bb7 Rxc1 19. Rxc1 Qb8 20. Bc6 Bxc6 0-1

[Event "2MCR_3DE_1L_3S"]
[Site "?"]
[Date "2007.??.??"]
[Round "?"]
[White "Ryska, Jiri"]
[Black "Nigrin, Jiri"]
[Result "1/2-1/2"]
[WhiteElo "2072"]
[BlackElo "2002"]
[Annotator "010"]
[PlyCount "64"]
[EventDate "2007.??.??"]
[EventType "corr"]
[EventRounds "1"]
[SourceDate "2007.01.28"]

1. c4 Nf6 2. Nc3 e5 3. Nf3 Nc6 4. e3 Bb4 5. Qc2 Bxc3 6. Qxc3 Qe7 7. Be2 O-O 8.
d4 exd4 9. Nxd4 Nxd4 10. Qxd4 c5 11. Qh4 d5 12. cxd5 Qe5 13. O-O Nxd5 14. Rd1
Be6 15. f4 Qf6 16. Qxf6 Nxf6 17. Bf3 Rad8 18. Rxd8 Rxd8 19. e4 Bg4 20. Be3 Bxf3
21. gxf3 b6 22. f5 Ne8 23. Kf2 Nd6 24. Rc1 f6 25. a3 g6 26. fxg6 hxg6 27. b4
cxb4 28. axb4 Nb5 29. h4 Kf7 30. Ke2 Ke6 31. Rc6+ Kf7 32. Rc4 Ke6 1/2-1/2

[Event "2MCR_3DE_1L_1S"]
[Site "?"]
[Date "2007.??.??"]
[Round "?"]
[White "Lounek, Jan"]
[Black "Blecha, Miroslav"]
[Result "1/2-1/2"]
[WhiteElo "2425"]
[BlackElo "2227"]
[Annotator "015"]
[PlyCount "76"]
[EventDate "2007.??.??"]
[EventType "corr"]
[EventRounds "1"]
[SourceDate "2007.01.28"]

1. e4 c5 2. Nf3 d6 3. d4 cxd4 4. Nxd4 Nf6 5. Nc3 a6 6. Be3 e5 7. Nb3 Be6 8. f3
Be7 9. Qd2 O-O 10. O-O-O Nbd7 11. g4 b5 12. g5 b4 13. Ne2 Ne8 14. f4 a5 15. f5
a4 16. Nbd4 exd4 17. Nxd4 b3 18. Kb1 bxc2+ 19. Nxc2 Bb3 20. axb3 axb3 21. Na3
Ne5 22. h4 Ra4 23. Qg2 Qa8 24. Bd4 Nc7 25. h5 Rb8 26. Rh3 Nb5 27. Bxb5 Rxb5 28.
f6 Bf8 29. fxg7 Bxg7 30. Bxe5 Bxe5 31. g6 fxg6 32. hxg6 Rb8 33. gxh7+ Kh8 34.
Rd5 Rab4 35. Re3 R4b7 36. Rdd3 Qa4 37. Qf3 Rg7 38. Re1 Ra8 1/2-1/2

[Event "2MCR_3DE_1L_3S"]
[Site "?"]
[Date "2007.??.??"]
[Round "?"]
[White "Nigrin, Jiri"]
[Black "Pytlik, Lesek"]
[Result "1/2-1/2"]
[WhiteElo "2002"]
[BlackElo "2382"]
[Annotator "011"]
[PlyCount "45"]
[EventDate "2007.??.??"]
[EventType "corr"]
[EventRounds "1"]
[SourceDate "2007.01.28"]

1. e4 d6 2. d4 Nf6 3. Nc3 g6 4. Be3 Bg7 5. Qd2 c6 6. Bh6 Bxh6 7. Qxh6 Qa5 8.
Bd3 Na6 9. Nge2 Bd7 10. O-O Nc7 11. b4 Qh5 12. Qxh5 Nxh5 13. a4 O-O 14. Rab1 e5
15. f3 Rab8 16. dxe5 dxe5 17. Rfd1 Be6 18. b5 Rfd8 19. b6 axb6 20. Rxb6 Ne8 21.
a5 Nhf6 22. a6 c5 23. a7 1/2-1/2

[Event "2MCR_3DE_1L_1S"]
[Site "?"]
[Date "2007.??.??"]
[Round "?"]
[White "Novak, Vratislav"]
[Black "Vozda, Jindrich"]
[Result "1/2-1/2"]
[WhiteElo "2292"]
[BlackElo "2469"]
[Annotator "016"]
[PlyCount "51"]
[EventDate "2007.??.??"]
[EventType "corr"]
[EventRounds "1"]
[SourceDate "2007.01.28"]

1. e4 c5 2. b3 d6 3. Nf3 Nc6 4. d4 cxd4 5. Nxd4 Nf6 6. Nxc6 bxc6 7. Bd3 g6 8.
O-O Bg7 9. Bb2 O-O 10. Nd2 Re8 11. Nc4 d5 12. exd5 cxd5 13. Ne5 Qd6 14. Qe2 Nd7
15. f4 Bb7 16. Bb5 Red8 17. Bxd7 Rxd7 18. f5 Rc7 19. fxg6 fxg6 20. Rad1 Ba6 21.
c4 Qe6 22. Rf7 Bf6 23. Qe3 Bxe5 24. Bxe5 Qxf7 25. Bxc7 dxc4 26. Rf1 1/2-1/2

[Event "2MCR_3DE_1L_3S"]
[Site "?"]
[Date "2007.??.??"]
[Round "?"]
[White "Riha, Jan"]
[Black "Nigrin, Jiri"]
[Result "1-0"]
[WhiteElo "2277"]
[BlackElo "2002"]
[Annotator "012"]
[PlyCount "43"]
[EventDate "2007.??.??"]
[EventType "corr"]
[EventRounds "1"]
[SourceDate "2007.01.28"]

1. e4 c5 2. Nf3 d6 3. d4 cxd4 4. Nxd4 Nf6 5. Nc3 a6 6. Bg5 e6 7. f4 Qb6 8. Nb3
Be7 9. Qf3 Qc7 10. O-O-O h6 11. Bh4 Nbd7 12. g4 Nxe4 13. Bxe7 Nxc3 14. Bxd6
Nxa2+ 15. Kb1 Nc3+ 16. bxc3 Qb6 17. f5 Nf6 18. Bg2 Bd7 19. Qxb7 Qxb7 20. Bxb7
Ra7 21. Bf3 a5 22. Rhe1 1-0

[Event "2MCR_3DE_1L_3S"]
[Site "?"]
[Date "2007.??.??"]
[Round "?"]
[White "Tomisek, Petr"]
[Black "Schwarz, Jan"]
[Result "0-1"]
[WhiteElo "2186"]
[BlackElo "2266"]
[Annotator "013"]
[PlyCount "50"]
[EventDate "2007.??.??"]
[EventType "corr"]
[EventRounds "1"]
[SourceDate "2007.01.28"]

1. e4 c5 2. d4 cxd4 3. c3 dxc3 4. Nxc3 e6 5. Bc4 a6 6. Nf3 b5 7. Bd3 Bb7 8. O-O
d6 9. Qe2 Nf6 10. e5 dxe5 11. Rd1 Nbd7 12. Nxe5 Nxe5 13. Be4 Qb6 14. Bxb7 Qxb7
15. Qxe5 b4 16. Na4 Be7 17. Be3 O-O 18. h3 Nd7 19. Qg3 Rfd8 20. Bd4 Nf6 21.
Rac1 Rac8 22. Nc5 Qd5 23. Bxf6 Qxd1+ 24. Rxd1 Rxd1+ 25. Kh2 Bxf6 0-1

[Event "2MCR_3DE_1L_3S"]
[Site "?"]
[Date "2007.??.??"]
[Round "?"]
[White "Nigrin, Jiri"]
[Black "Splichal, Josef"]
[Result "0-1"]
[WhiteElo "2002"]
[BlackElo "2168"]
[Annotator "014"]
[PlyCount "70"]
[EventDate "2007.??.??"]
[EventType "corr"]
[EventRounds "1"]
[SourceDate "2007.01.28"]

1. e4 e5 2. Nf3 Nc6 3. d4 exd4 4. Nxd4 Bc5 5. Nxc6 Qf6 6. Qd2 dxc6 7. Nc3 Be6
8. Na4 Bd6 9. f4 Nh6 10. Bd3 Qd4 11. Nc3 O-O-O 12. f5 Bxf5 13. Ne2 Qb6 14. exf5
Ng4 15. Rf1 Nxh2 16. a3 Rhe8 17. Qg5 Qd4 18. f6 g6 19. Bf4 Qxb2 20. Bxh2 Qxa1+
21. Kf2 Qxa3 22. Bxd6 Rxd6 23. Ng1 h6 24. Qg4+ Kb8 25. Kg3 Rde6 26. Kh2 Qd6+
27. g3 Rxf6 28. Rf3 a5 29. Kg2 b5 30. Rxf6 Qxf6 31. Qd7 Rd8 32. Qg4 Qb2 33. Qe4
a4 34. Nf3 f5 35. Qe3 a3 0-1

[Event "2MCR_3DE_1L_1S"]
[Site "?"]
[Date "2007.??.??"]
[Round "?"]
[White "Novak, Vratislav"]
[Black "Hrdy, Roman"]
[Result "1/2-1/2"]
[WhiteElo "2292"]
[BlackElo "2284"]
[Annotator "017"]
[PlyCount "55"]
[EventDate "2007.??.??"]
[EventType "corr"]
[EventRounds "1"]
[SourceDate "2007.01.28"]

1. e4 c5 2. Nf3 d6 3. b3 Nf6 4. Nc3 g6 5. Bb5+ Bd7 6. Bb2 Bg7 7. Bxd7+ Nbxd7 8.
Qe2 O-O 9. O-O a6 10. d3 e6 11. Rfe1 b5 12. Nd1 d5 13. e5 Ng4 14. d4 Qc7 15. h3
Nh6 16. c3 Rfc8 17. Ne3 Rab8 18. Rac1 Qd8 19. Red1 Nf5 20. Nxf5 gxf5 21. c4
dxc4 22. bxc4 cxd4 23. Rxd4 Qe8 24. cxb5 Rxb5 25. Rxc8 Qxc8 26. Qd1 Rxb2 27.
Rxd7 Qc5 28. Rd8+ 1/2-1/2

[Event "2MCR_3DE_1L_3S"]
[Site "?"]
[Date "2007.??.??"]
[Round "?"]
[White "Splichal, Josef"]
[Black "Krouzel, Jaroslav"]
[Result "1/2-1/2"]
[WhiteElo "2168"]
[BlackElo "2298"]
[Annotator "015"]
[PlyCount "55"]
[EventDate "2007.??.??"]
[EventType "corr"]
[EventRounds "1"]
[SourceDate "2007.01.28"]

1. e4 e6 2. d4 d5 3. Nc3 Bb4 4. e5 c5 5. a3 Bxc3+ 6. bxc3 Ne7 7. Nf3 Nbc6 8.
Be2 Qa5 9. Bd2 Bd7 10. O-O c4 11. Qc1 f6 12. exf6 gxf6 13. Qb2 Qc7 14. Rab1 b6
15. Qc1 O-O-O 16. Rd1 Rhg8 17. a4 e5 18. dxe5 fxe5 19. Bg5 Bf5 20. Rb5 Be4 21.
Ne1 Rd6 22. f3 Bf5 23. a5 Nxa5 24. Bxe7 Qxe7 25. Rbxd5 Rxd5 26. Rxd5 Rd8 27.
Rxd8+ Qxd8 28. f4 1/2-1/2

[Event "2MCR_3DE_1L_3S"]
[Site "?"]
[Date "2007.??.??"]
[Round "?"]
[White "Riha, Jan"]
[Black "Splichal, Josef"]
[Result "1/2-1/2"]
[WhiteElo "2277"]
[BlackElo "2168"]
[Annotator "016"]
[PlyCount "47"]
[EventDate "2007.??.??"]
[EventType "corr"]
[EventRounds "1"]
[SourceDate "2007.01.28"]

1. e4 e5 2. Nf3 Nc6 3. Bb5 Nf6 4. O-O Nxe4 5. d4 Nd6 6. Bxc6 dxc6 7. dxe5 Nf5
8. Qxd8+ Kxd8 9. Nc3 h6 10. h3 Be7 11. b3 Be6 12. Bb2 Ke8 13. Rad1 Rd8 14. Ne4
b5 15. Rxd8+ Kxd8 16. g4 Nh4 17. Nxh4 Bxh4 18. Rd1+ Kc8 19. f4 g6 20. Bd4 Bd5
21. Nc3 Be6 22. Ne4 Bd5 23. Nc3 Be6 24. Ne4 1/2-1/2

[Event "2MCR_3DE_1L_2S"]
[Site "?"]
[Date "2007.??.??"]
[Round "?"]
[White "Nepustil, Frantisek"]
[Black "Canibal, Jaromir"]
[Result "1/2-1/2"]
[WhiteElo "2325"]
[BlackElo "2255"]
[Annotator "019"]
[PlyCount "34"]
[EventDate "2007.??.??"]
[EventType "corr"]
[EventRounds "1"]
[SourceDate "2007.01.28"]

1. e4 e5 2. f4 exf4 3. Bc4 Qh4+ 4. Kf1 d5 5. Bxd5 Nf6 6. Nc3 Ng4 7. Nh3 c6 8.
Bb3 Ne5 9. Nf2 Bg4 10. Qe1 Bc5 11. Na4 f3 12. Nxc5 fxg2+ 13. Kxg2 Bf3+ 14. Kf1
Bxh1 15. Nxh1 Qh3+ 16. Kf2 Qxh2+ 17. Ke3 Qh6+ 1/2-1/2

[Event "2MCR_3DE_1L_3S"]
[Site "?"]
[Date "2007.??.??"]
[Round "?"]
[White "Fric, Pavel"]
[Black "Nigrin, Jiri"]
[Result "1-0"]
[WhiteElo "2184"]
[BlackElo "2002"]
[Annotator "017"]
[PlyCount "73"]
[EventDate "2007.??.??"]
[EventType "corr"]
[EventRounds "1"]
[SourceDate "2007.01.28"]

1. e4 d6 2. d4 Nf6 3. Nc3 c6 4. f4 Qa5 5. Bd3 e5 6. Nf3 Bg4 7. Be3 Nbd7 8. O-O
Be7 9. h3 Bxf3 10. Qxf3 O-O 11. Ne2 Qc7 12. c3 Rac8 13. Rac1 c5 14. g4 Ne8 15.
g5 exf4 16. Qxf4 c4 17. Bc2 Qd8 18. Qg4 Nb6 19. Rf2 Nc7 20. h4 g6 21. h5 Qd7
22. Qh4 Rce8 23. Kg2 Bd8 24. Rh1 Re7 25. Ng3 Qb5 26. d5 Nd7 27. Bd4 Ne5 28.
Bxe5 dxe5 29. Bd1 Nxd5 30. exd5 Qxd5+ 31. Ne4 Rc7 32. hxg6 fxg6 33. Rxf8+ Kxf8
34. Bf3 Qf7 35. Rf1 Kg8 36. Nd6 Qe6 37. Rd1 1-0

[Event "2MCR_3DE_1L_3S"]
[Site "?"]
[Date "2007.??.??"]
[Round "?"]
[White "Schwarz, Jan"]
[Black "Riha, Jan"]
[Result "1/2-1/2"]
[WhiteElo "2266"]
[BlackElo "2277"]
[Annotator "018"]
[PlyCount "42"]
[EventDate "2007.??.??"]
[EventType "corr"]
[EventRounds "1"]
[SourceDate "2007.01.28"]

1. d4 Nf6 2. c4 e6 3. Nf3 b6 4. e3 Bb7 5. Bd3 d5 6. O-O Bd6 7. Nc3 O-O 8. cxd5
exd5 9. b3 a6 10. Bb2 Nbd7 11. a3 Ne4 12. b4 Qe7 13. Qc2 f5 14. b5 Nxc3 15.
Bxc3 axb5 16. Bxf5 g6 17. Bd3 c6 18. Bb2 Rf7 19. Rfe1 Raf8 20. Bf1 Qe4 21. Qxe4
dxe4 1/2-1/2

[Event "2MCR_3DE_1L_1S"]
[Site "?"]
[Date "2007.??.??"]
[Round "?"]
[White "Jandovsky, Viktor"]
[Black "Zahour, Jiri"]
[Result "1/2-1/2"]
[WhiteElo "2275"]
[BlackElo "2307"]
[Annotator "018"]
[PlyCount "69"]
[EventDate "2007.??.??"]
[EventType "corr"]
[EventRounds "1"]
[SourceDate "2007.01.28"]

1. e4 c5 2. Nf3 Nc6 3. d4 cxd4 4. Nxd4 Nf6 5. Nc3 e5 6. Ndb5 d6 7. Bg5 a6 8.
Na3 b5 9. Bxf6 gxf6 10. Nd5 Bg7 11. c3 f5 12. exf5 Bxf5 13. Nc2 O-O 14. Nce3
Be6 15. Bd3 f5 16. O-O Kh8 17. Qh5 e4 18. Bc2 Ne5 19. Rad1 Bf7 20. Qh3 Qg5 21.
Nxf5 Bxd5 22. Nxg7 Nf3+ 23. Kh1 Nd2 24. f4 Rxf4 25. Rxf4 Qxf4 26. Nh5 Qg5 27.
Qg3 Rg8 28. Nf4 e3 29. Qh3 Rg7 30. Nxd5 Qxd5 31. Re1 Nc4 32. Qc8+ Rg8 33. Qh3
Rg7 34. Qc8+ Rg8 35. Qh3 1/2-1/2

[Event "2MCR_3DE_1L_3S"]
[Site "?"]
[Date "2007.??.??"]
[Round "?"]
[White "Janocko, Petr"]
[Black "Mezera, Lukas"]
[Result "1/2-1/2"]
[WhiteElo "2177"]
[BlackElo "2285"]
[Annotator "019"]
[PlyCount "60"]
[EventDate "2007.??.??"]
[EventType "corr"]
[EventRounds "1"]
[SourceDate "2007.01.28"]

1. e4 c5 2. Nf3 d6 3. d4 cxd4 4. Nxd4 Nf6 5. Nc3 g6 6. Be3 Bg7 7. f3 O-O 8. Qd2
Nc6 9. O-O-O d5 10. exd5 Nxd5 11. Nxc6 bxc6 12. Bd4 e5 13. Bc5 Be6 14. Ne4 Re8
15. h4 h6 16. g4 Qc7 17. g5 h5 18. Bc4 Red8 19. Qf2 a5 20. a4 Qb7 21. b3 Nf4
22. Bxe6 Nxe6 23. Rxd8+ Rxd8 24. Bb6 Rd5 25. Re1 Nd4 26. Bc5 Qc8 27. Kb2 Qh3
28. Ba7 Qd7 29. Bb6 Qh3 30. Re3 Nf5 1/2-1/2

[Event "2MCR_3DE_1L_1S"]
[Site "?"]
[Date "2007.??.??"]
[Round "?"]
[White "Vozda, Jindrich"]
[Black "Blecha, Miroslav"]
[Result "1/2-1/2"]
[WhiteElo "2469"]
[BlackElo "2227"]
[Annotator "019"]
[PlyCount "53"]
[EventDate "2007.??.??"]
[EventType "corr"]
[EventRounds "1"]
[SourceDate "2007.01.28"]

1. e4 c5 2. Nf3 d6 3. d4 cxd4 4. Nxd4 Nf6 5. f3 e5 6. Nb3 d5 7. Bg5 Be6 8. Bxf6
gxf6 9. exd5 Qxd5 10. Qxd5 Bxd5 11. Nc3 Be6 12. Nb5 Na6 13. O-O-O Ke7 14. Nc3
Bh6+ 15. Kb1 Rad8 16. Bxa6 bxa6 17. Nc5 f5 18. Nxa6 Rd2 19. g3 Rhd8 20. Rde1
Kf6 21. Nb4 R2d6 22. f4 exf4 23. gxf4 Rb6 24. Nd3 Bc4 25. Ne5 Ba6 26. Ne2 Rd2
27. Ng3 1/2-1/2

[Event "2MCR_3DE_1L_1S"]
[Site "?"]
[Date "2007.??.??"]
[Round "?"]
[White "Straka, Zdenek"]
[Black "Hrdy, Roman"]
[Result "1/2-1/2"]
[WhiteElo "2398"]
[BlackElo "2284"]
[Annotator "020"]
[PlyCount "89"]
[EventDate "2007.??.??"]
[EventType "corr"]
[EventRounds "1"]
[SourceDate "2007.01.28"]

1. d4 Nf6 2. c4 e6 3. Nf3 b6 4. g3 Bb7 5. Bg2 Be7 6. O-O O-O 7. b3 d6 8. Nc3
Ne4 9. Bb2 Nd7 10. d5 Nxc3 11. Bxc3 e5 12. Qc2 f5 13. Bh3 g6 14. e4 c6 15. exf5
cxd5 16. cxd5 Bxd5 17. Nd2 g5 18. Ne4 Qc7 19. Rac1 Nc5 20. f3 Qc6 21. Rfe1 a5
22. Qd2 g4 23. Bxg4 Bxe4 24. fxe4 Nxe4 25. Bb2 Nxd2 26. Rxc6 h5 27. Bxh5 Rxf5
28. Bg4 Nf3+ 29. Kf2 Nd4+ 30. Bxf5 Nxc6 31. Ke3 Rf8 32. Rf1 Kg7 33. Ke4 Nb4 34.
a3 d5+ 35. Kxe5 Bf6+ 36. Kd6 Bxb2 37. axb4 d4 38. bxa5 bxa5 39. Kc5 Re8 40. Rf2
Bc3 41. Kc4 Rb8 42. Be6 a4 43. bxa4 Rb4+ 44. Kd3 Rxa4 45. g4 1/2-1/2

[Event "2MCR_3DE_1L_1S"]
[Site "?"]
[Date "2007.??.??"]
[Round "?"]
[White "Zahour, Jiri"]
[Black "Blecha, Miroslav"]
[Result "1/2-1/2"]
[WhiteElo "2307"]
[BlackElo "2227"]
[Annotator "021"]
[PlyCount "105"]
[EventDate "2007.??.??"]
[EventType "corr"]
[EventRounds "1"]
[SourceDate "2007.01.28"]

1. e4 c5 2. Nf3 d6 3. d4 cxd4 4. Nxd4 Nf6 5. Nc3 a6 6. Be3 e5 7. Nb3 Be6 8. f3
Be7 9. Qd2 O-O 10. O-O-O Nbd7 11. g4 b5 12. g5 b4 13. Ne2 Ne8 14. f4 a5 15. f5
a4 16. Nbd4 exd4 17. Nxd4 b3 18. Kb1 bxc2+ 19. Nxc2 Bb3 20. axb3 axb3 21. Na3
Ne5 22. h4 Ra4 23. Qg2 Qa8 24. Bd4 Nc7 25. f6 Bd8 26. fxg7 Kxg7 27. Bc4 Rxc4
28. Nxc4 Qa2+ 29. Kc1 Nb5 30. Bxe5+ dxe5 31. Kd2 Qa4 32. Ne3 Nd4 33. Nd5 Kh8
34. Qg3 f5 35. gxf6 Bxf6 36. Nxf6 Qa6 37. Qd3 Qxf6 38. Rhf1 Nf3+ 39. Kc3 Qc6+
40. Qc4 Qb6 41. h5 h6 42. Rd7 Qe3+ 43. Rd3 Qe2 44. Rc1 Ne1 45. Qa6 Qxd3+ 46.
Qxd3 Nxd3 47. Kxd3 Rd8+ 48. Ke3 Rg8 49. Kf3 Rg5 50. Rc3 Rxh5 51. Kg4 Rg5+ 52.
Kh4 Rg1 53. Rxb3 1/2-1/2

[Event "2MCR_3DE_1L_2S"]
[Site "?"]
[Date "2007.??.??"]
[Round "?"]
[White "Pecka, Josef"]
[Black "Mikoska, Josef"]
[Result "1/2-1/2"]
[WhiteElo "2290"]
[BlackElo "2169"]
[Annotator "020"]
[PlyCount "53"]
[EventDate "2007.??.??"]
[EventType "corr"]
[EventRounds "1"]
[SourceDate "2007.01.28"]

1. e4 e5 2. f4 Bc5 3. Nf3 d6 4. c3 Bb6 5. Na3 Nf6 6. fxe5 dxe5 7. Nxe5 O-O 8.
d4 c5 9. Nac4 Bc7 10. Be3 Qe7 11. Be2 cxd4 12. cxd4 Nxe4 13. O-O Nc6 14. Nxc6
bxc6 15. Bf4 Bxf4 16. Rxf4 f5 17. Bd3 Be6 18. Rc1 Qg5 19. Qf3 Bd5 20. h4 Qh6
21. Qe3 Rae8 22. Ne5 Nf6 23. Rf3 Qxh4 24. Rxf5 Nh5 25. Nd7 Qg4 26. Rc2 Nf4 27.
Rxf8+ 1/2-1/2

[Event "2MCR_3DE_1L_1S"]
[Site "?"]
[Date "2007.??.??"]
[Round "?"]
[White "Toman, Antonin"]
[Black "Blecha, Miroslav"]
[Result "1/2-1/2"]
[WhiteElo "2271"]
[BlackElo "2227"]
[Annotator "022"]
[PlyCount "40"]
[EventDate "2007.??.??"]
[EventType "corr"]
[EventRounds "1"]
[SourceDate "2007.01.28"]

1. e4 c5 2. b3 Nc6 3. Bb2 e5 4. Bc4 d6 5. Nc3 Nf6 6. Nge2 g6 7. O-O Bg7 8. f4
O-O 9. Rb1 a6 10. a4 Nd4 11. d3 Bd7 12. fxe5 dxe5 13. Nxd4 exd4 14. Nd5 Nxd5
15. Bxd5 Be6 16. Bc4 Qd6 17. Bc1 Be5 18. h3 b6 19. Bh6 Rfe8 20. Qf3 f6 1/2-1/2

[Event "2MCR_3DE_1L_1S"]
[Site "?"]
[Date "2007.??.??"]
[Round "?"]
[White "Straka, Zdenek"]
[Black "Toman, Antonin"]
[Result "1/2-1/2"]
[WhiteElo "2398"]
[BlackElo "2271"]
[Annotator "023"]
[PlyCount "55"]
[EventDate "2007.??.??"]
[EventType "corr"]
[EventRounds "1"]
[SourceDate "2007.01.28"]

1. d4 d5 2. c4 e6 3. Nc3 Nf6 4. cxd5 exd5 5. Bg5 c6 6. e3 h6 7. Bh4 Be7 8. Bd3
O-O 9. Qc2 Re8 10. Nge2 Nbd7 11. O-O Nh5 12. Bxe7 Qxe7 13. Rae1 Nf8 14. Nc1 b6
15. a3 Bd7 16. f3 Qh4 17. Qd2 Ne6 18. Bc2 Nf6 19. Nd3 c5 20. g3 Qh3 21. b4 Rac8
22. bxc5 bxc5 23. dxc5 Qh5 24. Rc1 d4 25. exd4 Nxd4 26. Qf2 Nxc2 27. Rxc2 Bc6
28. Nb4 1/2-1/2

[Event "2MCR_3DE_1L_1S"]
[Site "?"]
[Date "2007.??.??"]
[Round "?"]
[White "Toman, Antonin"]
[Black "Hrdy, Roman"]
[Result "1/2-1/2"]
[WhiteElo "2271"]
[BlackElo "2284"]
[Annotator "024"]
[PlyCount "52"]
[EventDate "2007.??.??"]
[EventType "corr"]
[EventRounds "1"]
[SourceDate "2007.01.28"]

1. e4 c5 2. b3 Nc6 3. Bb2 e5 4. Bc4 Nf6 5. Nc3 d6 6. Nge2 Be7 7. O-O O-O 8. f4
Bg4 9. h3 Bxe2 10. Qxe2 Nd4 11. Qd1 Nxe4 12. Nxe4 d5 13. fxe5 dxe4 14. Qg4 b5
15. Bxf7+ Rxf7 16. Rxf7 Kxf7 17. c3 Nf3+ 18. gxf3 Qxd2 19. fxe4 Rd8 20. Rf1+
Kg8 21. c4 bxc4 22. bxc4 Qxb2 23. Qe6+ Kh8 24. Qxe7 Qd4+ 25. Rf2 Rb8 26. Kg2
Qxe4+ 1/2-1/2

[Event "2MCR_3DE_1L_2S"]
[Site "?"]
[Date "2007.??.??"]
[Round "?"]
[White "Houska, Jiri"]
[Black "Valak, Alois"]
[Result "1/2-1/2"]
[WhiteElo "2244"]
[BlackElo "2353"]
[Annotator "021"]
[PlyCount "83"]
[EventDate "2007.??.??"]
[EventType "corr"]
[EventRounds "1"]
[SourceDate "2007.01.28"]

1. e4 e5 2. Nf3 Nf6 3. Nxe5 d6 4. Nf3 Nxe4 5. Nc3 Nxc3 6. dxc3 Be7 7. Bf4 O-O
8. Qd2 Nd7 9. O-O-O Nc5 10. Be3 Re8 11. Bc4 Be6 12. Bxe6 Nxe6 13. h4 Qd7 14.
Qd3 a5 15. Ng5 Nf8 16. Qd5 Bf6 17. Qxb7 Rab8 18. Qd5 Re5 19. Qc4 a4 20. Ne4 Bd8
21. Rhe1 Reb5 22. b3 axb3 23. cxb3 Ra5 24. Re2 Ng6 25. Bg5 h6 26. Bxd8 Qxd8 27.
g3 Ne5 28. Qd4 Nc6 29. Qe3 Qd7 30. f4 Qc8 31. c4 Ra3 32. Nc3 Nb4 33. Nd5 Nxd5
34. Rxd5 Qa6 35. Kb1 Qxc4 36. Qe8+ Kh7 37. Qe4+ Qxe4+ 38. Rxe4 Rba8 39. Rd2 c5
40. Rc4 g6 41. g4 Re8 42. Rxd6 1/2-1/2